Sports Quiz

Random Sports Quiz

Chelsea Quiz Stats

 Plays Quiz not verified by Sporcle

Support Sporcle.
Go Orange.
Score 0/20 Timer 03:00
0 Plays Today
Question Answer % Correct
Kit ColourBlue
98.1%
Full NameChelsea Football Club
90.7%
NicknameThe Blues
80.5%
CaptainJohn Terry
77.3%
Stadium NameStamford Bridge
73.2%
London RivalArsenal
70.3%
London RivalTottenham Hotspur
69%
Year Founded1905
67.1%
London RivalWest Ham United
61%
Kit ColourWhite
56.2%
Question Answer % Correct
London RivalFulham
54.6%
Shirt SponsorSamsung
49.2%
Kit ManufacturerAdidas
47.6%
ManagerCarlo Ancelotti
37.7%
ChairmanBruce Buck
30.4%
All Time Top GoalscorerBobby Tambling
24.3%
Most AppearancesRon Harris
23.3%
Premier League Winners3
13.7%
FA Cup Winners6
11.5%
Carling/League Cup Winners4
11.5%

You're not logged in!

Compare scores with friends on all Sporcle quizzes.
OR
Log In

From the Vault

Cartoon Dog Breeds

by lolshortee

"Scooby-Doo, What Are You!"
Remove Ads.
Support Sporcle.
Get the best of Sporcle when you Go Orange. This ad-free experience offers more features, more stats, and more fun while also helping to support Sporcle. Thank you for becoming a member.

Show Comments

Extras

Created Mar 21, 2011ReportNominate
Tags:Chelsea

Top Quizzes Today


Score Distribution

Your Account Isn't Verified!

In order to create a playlist on Sporcle, you need to verify the email address you used during registration. Go to your Sporcle Settings to finish the process.

Report this User

Report this user for behavior that violates our Community Guidelines.

Details: